000 00940cam a2200289Ia 4500
001 u13156
003 SIRSI
005 20180220093702.0
008 960104s1991 mnuabf b o001 0 eng d
020 _a0890541116
039 9 _a200312131137
_bnehal
_y200203190938
_zload
040 _aEAL
050 _aSB191.W5
_bC66 1991
100 1 _aCook, R. James,
_d1937-
245 1 0 _aWheat health managment /
_cR. James Cook and Roger J. Veseth.
260 _aSt. Paul, Minn.:
_bAPS Press,
_c1991.
300 _ax,152p.[16]p.of plates:
_bill.,maps;
_c28cm.
490 0 _aPlant health management series
504 _aIncludes bibligraphical references and index.
596 _a1
650 0 _aWheat
_xDisease and pest resistance
650 0 _aWheat
_xGrowth.
650 0 _aWheat
_xQuality.
700 1 0 _aVeseth, Roger.
942 _cBK
_2lcc
999 _c21530
_d21530